Estadísticas para Centros financieros más grandes del mundo

Haz click aquí para intentar la prueba.

Estadísticas generales

  • Esta prueba ha sido intentada 1.990 veces
    (816 desde el último reinicio)
  • La puntuación promedio es 12 de 20

Estadísticas de respuestas

PuntuajeCiudad% Correcto
763Nueva York
98%
744Londres
96%
725París
91%
727Pekín
87%
720Tokio
87%
734Los Ángeles
82%
731Chicago
69%
729Seúl
61%
732Washington D.C.
60%
733Shanghái
58%
741Hong Kong
56%
742Singapur
54%
735San Francisco
52%
721Ámsterdam
49%
723Boston
44%
722Zúrich
39%
726Fráncfort
24%
730Ginebra
23%
724Luxemburgo
18%
728Shenzhen
16%

Distribución de puntuación

Porcentaje por número respondido

Porcentaje de gente con cada puntuación

Historial de tus puntuaciones

No has intentado esta prueba desde el último reinicio